Managing quality and human resources : (Record no. 346887)
[ view plain ]
| 000 -LEADER | |
|---|---|
| fixed length control field | 01581 a2200193 4500 |
| 020 ## - INTERNATIONAL STANDARD BOOK NUMBER | |
| International Standard Book Number | 063120024X (paperback) |
| 020 ## - INTERNATIONAL STANDARD BOOK NUMBER | |
| International Standard Book Number | 9780631200246 (paperback) |
| 082 04 - DEWEY DECIMAL CLASSIFICATION NUMBER | |
| Classification number | 658.562 |
| 090 ## - LOCALLY ASSIGNED LC-TYPE CALL NUMBER (OCLC); LOCAL CALL NUMBER (RLIN) | |
| -- | 4444 |
| -- | 4444 |
| 245 10 - TITLE STATEMENT | |
| Title | Managing quality and human resources : |
| Remainder of title | a guide to continuous improvement / |
| Statement of responsibility, etc. | Barrie G. Dale, Cary L. Cooper. |
| 250 ## - EDITION STATEMENT | |
| Edition statement | 2nd ed. |
| 260 ## - PUBLICATION, DISTRIBUTION, ETC. | |
| Place of publication, distribution, etc. | [S.l.] : |
| Name of publisher, distributor, etc. | Wiley-Blackwell, |
| Date of publication, distribution, etc. | 1997. |
| 300 ## - PHYSICAL DESCRIPTION | |
| Extent | 288 p. ; |
| Dimensions | 23 cm. |
| 520 ## - SUMMARY, ETC. | |
| Summary, etc. | Based on the successful first edition of Total Quality and Human Resource Management this fully revised edition is refocused onto key new issues in continuous improvement. The text now incorporates the latest thinking and research on the behavioural issues in quality management as well as self-assessment, quality award models and sustaining total quality management. This text is both comprehensive and practical and is designed to give students and managers a thorough grounding in- * The key issues in continuous improvement * The role of management in the TQM process * The importance of teamwork for successful TQM. It is unique in integrating the work of specialists in quality management, human resources, industrial organisation and psychology to give both breadth and depth to the treatment of the subject. It will be an ideal resource for all students in Management and TQM as well as those on professional courses and practising managers. |
| 700 1# - ADDED ENTRY--PERSONAL NAME | |
| Personal name | Dale, Barrie G. |
| 700 1# - ADDED ENTRY--PERSONAL NAME | |
| Personal name | Cooper, Cary L. |
| 856 40 - ELECTRONIC LOCATION AND ACCESS | |
| Materials specified | Amazon.com |
| Uniform Resource Identifier | <a href="http://www.amazon.com/exec/obidos/ASIN/063120024X/chopaconline-20">http://www.amazon.com/exec/obidos/ASIN/063120024X/chopaconline-20</a> |
| 942 ## - ADDED ENTRY ELEMENTS (KOHA) | |
| Institution code [OBSOLETE] | NBS |
| Koha item type | Book |
| Call number prefix | 658.3 DAL |
| Withdrawn status | Lost status | Damaged status | Not for loan | Permanent Location | Current Location | Date acquired | Total Checkouts | Full call number | Barcode | Date last seen | Price effective from | Koha item type |
|---|---|---|---|---|---|---|---|---|---|---|---|---|
| Central Library (CL) | Central Library (CL) | 08/28/2013 | 658.3 DAL | NBS3263 | 08/28/2013 | 08/28/2013 | Book |
